000 00807ntaaa2200229 4500
003 01
005 20251027203312.0
008 0714s1973 ag 01
020 _a9789876294492
040 _aAR-BaBN
_bspa
_cAR-BaBN
_eaacr
_dRIC
082 _a370.0982 G88
100 _aGrimson, Alejandro
_936207
245 _aMitomanías de la educación argentina :
_bcrítica de las frases hechas, las medias verdades y las soluciones mágicas /
_cAlejandro Grimson, Emilio Tenti Fanfani
260 _aBuenos Aires :
_bSiglo Veintiuno,
_c2014
300 _a268 p.=300 \\
_a23 cm.
500 _aEd. especial: Ministerio de Educación de la Nación
500 _aBibliografía: p. 257-268
650 _aEDUCACION ARGENTINA
_925442
650 _aHISTORIA
_9175
700 _aTenti Fanfani, Emilio
_936208
942 _cBK
999 _c28505
_d28505